000 01099nam a22003257a 4500
003 CHAP
005 20220329133755.0
008 971013s1979 r 00010 d
010 _a10693
011 _a11665
035 _a10904
040 _cCHAP
090 _aFolleto 8313
100 0 0 _aCáceres Ramos, Hugo.
_923965
245 _aRecomendaciones de las Mesas Redondas del Agrinter, 1972-1978
_b: análisis de la acción del IICA
260 _aSan José, C. R. :
_bIICA-CIDIA,
_c1979
300 _a5 h
590 _aBATCH-UPD
_b10
_c20130110
_lUCH01
_h0155
590 _aBATCH-UPD
_b10
_c20130110
_lUCH01
_h1017
590 _aBATCH-UPD
_b10
_c20130409
_lUCH01
_h2157
590 _aBATCH-UPD
_b10
_c20130410
_lUCH01
_h0623
590 _aBATCH-UPD
_b10
_c20130913
_lUCH01
_h2124
590 _aCONVERSION
_b10
_c20130109
_lUCH01
_h1307
650 1 4 _aAgricultura
_xSistemas de información.
_91796
650 1 4 _aBibliotecas agrícolas.
_912540
901 _aBK
942 _cFOLL
949 _aFolleto 8313
_bBC
_cFOLL
_d-22887
_eTS1
_fc.2
_i10904
_si
949 _aFolleto 8313
_bBC
_cFOLL
_d-22888
_eTS1
_i10904
_si
999 _c10693
_d10693